000 00510nam a2200181Ia 4500
003 GCL
008 140319s9999 xx 000 0 ara d
040 _aGCL /
_cGCL
082 0 4 _a980
_bا ا
100 1 _aرمزى يسى
245 1 0 _aامريكا اللاتينية اليوم /
_cرمزى يسى
700 1 _aالكسندر , روبرت
300 _a309 ص
490 _aالالف كتاب
_v0
650 0 4 _aالتاريخ
650 0 4 _aامريكا الجنوبية - تاريخ
942 _2ddc
_cBK
999 _c46264
_d46264